|
|
|
|
| LEADER |
00000cam a2200000 a 4500 |
| 001 |
vtls001521944 |
| 003 |
SK-MaSNL |
| 005 |
20260301164137.0 |
| 008 |
220509s2004 xo g ern 001 0 slo |
| 015 |
|
|
|a SNBA2005/04-01310
|
| 020 |
|
|
|a 9788055109275
|q (brožované)
|
| 035 |
|
|
|a urn:nbn:sk:snk-am00ghts
|
| 035 |
|
|
|a urn:nbn:sk:snk-am3j3x6
|
| 035 |
|
|
|a 219EB707-3540-4F2B-8BB1-6ADDCCD6B4A8
|
| 040 |
|
|
|a SNK
|b slo
|c SNK
|e AACR2
|
| 041 |
0 |
|
|a slo
|
| 044 |
|
|
|a xo
|c SK
|
| 072 |
|
7 |
|a 78.01
|x Muzikológia. Dejiny hudby
|2 konspekt
|
| 080 |
|
|
|a 78(091)
|2 2011
|
| 080 |
|
|
|a (048.8)
|2 2011
|
| 080 |
|
|
|a 78.01
|2 2011
|
| 080 |
|
|
|a 78.034.3/.6
|2 2011
|
| 100 |
1 |
|
|a Hrčková, Naďa,
|d 1939-
|4 aut
|9 217634
|
| 245 |
1 |
0 |
|a Dejiny hudby
|n 2
|p Renesancia
|c Naďa Hrčková
|
| 246 |
3 |
0 |
|a Renesancia
|
| 260 |
|
|
|a Bratislava
|b Ikar
|c 2004
|
| 300 |
|
|
|a 295 strán
|b noty, obrázky
|c 23 cm
|e 1 CD-ROM
|
| 504 |
|
|
|a Obsahuje bibliografiu, registre a poznámky
|
| 650 |
0 |
7 |
|a hudba
|2 SNKPH
|9 1063
|
| 650 |
0 |
7 |
|a dejiny hudby
|2 SNKPH
|9 3387
|
| 650 |
0 |
7 |
|a renesančná hudba
|2 SNKPH
|9 81794
|
| 650 |
0 |
7 |
|a Music
|2 SNKPHeng
|9 265352
|
| 650 |
0 |
7 |
|a Music history
|2 SNKPHeng
|9 265675
|
| 650 |
0 |
7 |
|a Renaissance music
|2 SNKPHeng
|9 417701
|
| 655 |
|
7 |
|a monografie
|2 SNKPH
|9 70139
|
| 655 |
|
7 |
|a Monographs
|2 SNKPHeng
|9 120675
|
| 852 |
|
|
|a Slovenská národná knižnica
|
| 919 |
|
|
|a 978-80-551-0927-5
|
| 954 |
|
|
|a odborná, vedecká literatúra pôvodná (slovenská)
|2 lita
|
| 958 |
|
|
|a OND
|
| 999 |
|
|
|c 819521
|d 821451
|
| 952 |
|
|
|a SNK
|b SNK
|y PREZ
|7 0
|p 17A0460456
|o snkSC 114177/2
|i snk2005/5050
|8 0
|0 0
|1 0
|4 0
|d 2005-04-01
|f 1
|l 0
|r 2025-10-03 00:00:00
|w 2026-02-24
|
| 952 |
|
|
|a SNK
|b SNK
|y VYP
|7 0
|p 17A0460460
|o snkSC 114177/2 D1
|i snk2005/5051
|8 0
|0 0
|1 0
|4 0
|d 2005-04-01
|l 0
|r 2026-02-24 03:02:29
|w 2026-02-24
|
| 952 |
|
|
|a SNK
|b SNK
|y PREZ
|7 0
|p 17A0460476
|o snkSC 114177/2/príl.
|i snk2005/5050
|8 0
|0 0
|1 0
|4 0
|d 2005-04-01
|f 2
|l 0
|r 2025-10-03 00:00:00
|w 2026-02-24
|
| 952 |
|
|
|t CD-nosič
|a SNK
|b SNK
|y PREZ
|7 0
|p 17A0460457
|o snkSC 114177/2/príl. D1
|i snk2005/5051
|8 0
|3 CD-nosič
|z CD-nosič
|0 0
|1 0
|4 0
|d 2005-04-01
|l 0
|r 2026-02-24 03:02:29
|w 2026-02-24
|